Statistics for Guess the country by the lake

Click here to take the quiz!

General Stats

  • This quiz has been taken 9 times
  • The average score is 6 of 12

Answer Stats

Answer% Correct
Canada
88%
Uganda, Kenya, Tanzania
88%
Russia
75%
Malawi, Tanzania, Mozambique
63%
Usa
63%
Drc, Tanzania, Zambia, Burundi
50%
Slovenia
50%
Bolivia, Peru
38%
Australia
25%
Croatia
25%
Egypt
25%
India
25%

Score Distribution

Percentile by Number Answered

Percent of People with Each Score

Your Score History

You have not taken this quiz